000 00770nam a2200229Ii 4500
003 JO-AjNU
008 230605s9999||||xx |||||||||||||| ||und||
017 _a2000/2/360
020 _a9957-11-098-5
040 _aJO-AjNU
_bara
_erda
_cJO-AjNU
041 _aara
050 1 4 _aHF5415.I263 .A8452. 2007
100 3 _aالعسكري،احمد شاكر,
_eauthor
_933186
245 0 0 _aالتسويق الصناعي : مدخل استراتيجي 
250 _aط3
264 3 1 _aعمان:دار وائل للنشر والتوزيع؛2007
300 _a313ص
_bيحتوي على ببلوغرافية من ص309-313ص
336 _atext
_btxt
_2rdacontent
337 _aunmediated
_bn
_2rdamedia
338 _avolume
_bnc
_2rdacarrier
650 4 _aالتسويق
_933187
999 _aA13481
_c17049
_d17049